Statistics for Most Sold Comic Books of All Time

Click here to take the quiz!

General Stats

  • This quiz has been taken 47 times
  • The average score is 7 of 30

Answer Stats

RankCopies SoldAnswer% Correct
4600 MillionSuperman
100%
5460 MillionBatman
98%
7360 MillionSpider-Man
98%
25130 MillionAvengers
79%
11270 MillionX-Men
79%
14210 MillionCaptain America
64%
16200 MillionThe Adventures of Tintin
24%
21150 MillionSpawn
21%
8352 MillionAsterix
19%
11 BillionMicky Maus
19%
13220 MillionNaruto
19%
6440 MillionOne Piece
17%
12240 MillionDragon Ball
14%
9300 MillionPeanuts
14%
23135 MillionGarfield
12%
26120 MillionBleach
7%
29100 MillionAstro Boy
5%
21 BillionBeano
5%
30100 MillionCasper the Friendly Ghost
5%
15200 MillionGolgo 13
5%
10300 MillionLucky Luke
5%
22150 MillionThe Phantom
5%
31 BillionClassics Illustrated
2%
27120 MillionSlam Dunk
2%
17200 MillionSpike and Suzy
2%
28100 MillionAmar Chitra Katha
0%
18200 MillionCase Closed
0%
20150 MillionDiabolik
0%
19157 MillionKochira Katsushika-ku Kameari Kōen-mae Hashutsujo
0%
24130 MillionOishinbo
0%

Score Distribution

Percentile by Number Answered

Percent of People with Each Score

Your Score History

You have not taken this quiz